zpět

Detail výsledku týmu

Bledý Úsvit, Český Těšín

Datum a čas kvízu

39 Celkem bodů Celkový počet nahraných bodů na tomto kvízu bez doplňovacích otázek.
1. Pořadí na kvízu Konečné umístění týmu na tomto kvízu.

Zaznamenané odpovědi

# Otázka Odpověď Body Výsledky
1. Jak se jmenuje 59letý bývalý s... Dominik Hašek 1
2. Historicky prvním premiérem ev... Wales 1
3. Jak se nazývá známé pražské di... Ypsilon 0
4. Týmu lékařů z nemocnice v amer... o ledvině 0
5. V pondělí byla představena kol... z (křišťálového) skla 1
6. Toto literární téma vyhrálo mi... Jméno růže 1
7. Děj knihy se odehrává během tř... Kdo chytá v žitě, J. D. Salinger 1
8. Přiřaďte klasická díla ruské l... 1B 2C 3A 4D 1
9. Mezi nejčtenější knihy světa s... A 0
10. Na závěr se zaměříme na novějš... Dívka ve vlaku 0